Üzemmérnökképzés egy beválás-vizsgálat tükrében
Elmentve itt :
| Szerző: | |
|---|---|
| További közreműködők: | |
| Dokumentumtípus: | Disszertáció |
| Megjelent: |
1977
|
| Tárgyszavak: | |
| Online Access: | http://doktori.ek.szte.hu/3516 |
| LEADER | 00618nta a2200181 i 4500 | ||
|---|---|---|---|
| 001 | dokt3516 | ||
| 005 | 20240903112538.0 | ||
| 008 | 170114s1977 hu om 000 hun d | ||
| 040 | |a SZTE Doktori Repozitórium |b hun | ||
| 041 | |a hun | ||
| 100 | 1 | |a Molnár László | |
| 245 | 1 | 0 | |a Üzemmérnökképzés egy beválás-vizsgálat tükrében |h [elektronikus dokumentum] / |c Molnár László |
| 260 | |c 1977 | ||
| 502 | |a Disszertacio | ||
| 650 | 4 | |a neveléstudományok | |
| 650 | 4 | |a Oktatástudomány | |
| 700 | 0 | 1 | |a Nincs megadva |e ths |
| 856 | 4 | 0 | |u https://doktori.bibl.u-szeged.hu/id/eprint/3516/1/1977_molnar_laszlo.pdf |z Dokumentum-elérés |